| 000 | 00732nam a2200181Ia 4500 | ||
|---|---|---|---|
| 008 | 090124s9999 xx 000 0 und d | ||
| 082 |
_b27092 _a659 |
||
| 100 | _aभिडे श्री.र. ( श्रीपाद रघुनाथ ) | ||
| 245 | _a महाभारतातील कुमार संभव | ||
| 250 | _a1 | ||
| 260 | _c1993 | ||
| 300 | _a89 | ||
| 600 | _aभिडे श्री.र. ( श्रीपाद रघुनाथ ) | ||
| 630 | _a महाभारतातील कुमार संभव | ||
| 700 | _aभिडे श्री.र. ( श्रीपाद रघुनाथ ) | ||
| 730 | _a महाभारतातील कुमार संभव | ||
| 942 | _cBOOK | ||
| 999 |
_c140560 _d140560 |
||